000 00312nam a22001217a 4500
008 170608b xxu||||| |||| 00| 0 eng d
041 _aeng
080 _a32
100 _a18
101 _aSHP
245 _aNONVIOLENT STRUGGLE, DEMOCRATIZATION, AND GOVERNANCE IN THE MIDDLE EAST
_cSTEPHAN, M.J
942 _2udc
_cBK
999 _c16394
_d16394